| 000 | 00000nam##2200000za#4500 |
| 001 | 9.643372 |
| 003 | CaOODSP |
| 005 | 20210624224135 |
| 007 | cr ||||||||||| |
| 008 | 150407|1982||||xxc|||||o f|0| 0 fre|d |
| 040 | |aCaOODSP|bfre |
| 043 | |an-cn--- |
| 086 | 1 |aA53-1478/1982F-PDF |
| 110 | 1 |aCanada.|bAgriculture Canada. |bDirection générale de recherche. |
| 245 | 10|aConservation domestique des fruits et des légumes : |h[ressource électronique]|bconstruction et utilisation d'une réserve / |c[par] C.L. Lockhart et P.D. Lidster. |
| 260 | |aOttawa - Ontario : |bAgriculture Canada. |cRévision 1982. |
| 300 | |a20p.|bfigures, tableaux |
| 500 | |aPublication historique numérisée par Agriculture et Agroalimentaire Canada. |
| 590 | |a14-11-Supp|b2014-05-21 |
| 691 | 07|aFruit|2gcpds |
| 691 | 07|aEntreposage|2gcpds |
| 691 | 07|aLégume|2gcpds |
| 691 | 07|aRénovation domiciliaire|2gcpds |
| 775 | 08|tHome storage room for fruits and vegetables |w(CaOODSP)9.699382 |
| 856 | 40|ahttp://publications.gc.ca|qPDF|s1.3 Mo|uhttps://publications.gc.ca/collections/collection_2014/aac-aafc/agrhist/A53-1478-1982-fra.pdf |
| 986 | |a1478/F |